Personnalités au hasard #35 - Statistiques

Statistiques générales
  • Ce quiz a été pris 199 fois
  • Le résultat moyen est 10 sur 32
Statistiques - réponses
Par images Réponse % Correct
Grand Corps Malade
90%
Valérie Damidot
76%
Nolwenn Leroy
75%
Francis Cabrel
68%
DJ Khaled
59%
Blanche Gardin
52%
Anthony Kavanagh
51%
Jean-Pascal Zadi
51%
J. K. Rowling
51%
Panayotis Pascot
47%
Ben Affleck
43%
Lola Dubini
41%
André Dussollier
33%
Audrey Pulvar
32%
Claudia Tagbo
31%
Karin Viard
29%
Henri IV
22%
Vincent Cerutti
22%
Diane Kruger
19%
Marc Dutroux
17%
Marlon Brando
14%
Bertrand Delanoë
13%
Manu Dibango
12%
Rokhaya Diallo
12%
Mohammed ben Salmane
11%
Sylvain Tesson
11%
Justine Lossa
4%
Lala &ce
4%
Marguerite Stern
4%
Normani
4%
Nadège Abomangoli
2%
Hannah Waddingham
1%
Aucun quiz correspondant
Distribution des résultats
% des personnes avec chaque résultat
Percentile par nombre de réponses
Votre historique - résultats
Vous n’avez pas pris ce quiz